000 00878nam a2200277Ia 4500
001 Z_4568
003 CHAP
008 220113s2=00 xx 000 0 und d
010 _a167643
040 _cCHAP
090 _aTesis M 1644
100 _aMartínez Espinoza, Paulino
_972016
245 _aRetención del cobre dietético en la carne e hígado del pollo de engorda /
_cpor Paulino Martínez Espinoza y Lambert Yassert Domínguez Salazar
260 _aChapingo, Méx. :
_bEl autor,
_c2002
300 _a52 h. ; cuadros
502 _aTesis (Ing. Agr. Esp. en Zootecnia) -- UACH. Departamento de Zootecnia
650 _aCobre en nutrición animal
_924191
650 _aPollos
_xEngorda
_9141625
700 _aDomínguez Salazar, Lambert Yassert
_9141911
901 _aTESIS M 1644
902 _aM
910 _a2=00
942 _c2
942 _c2
999 _c167643
_d167643